| 000 | 00787cam a2200253 a 4500 | ||
|---|---|---|---|
| 999 |
_c2911 _d2911 |
||
| 001 | 14890460 | ||
| 003 | OSt | ||
| 005 | 20230912074440.0 | ||
| 008 | 070613s2007 enk 000 0 eng | ||
| 010 | _a 2007024570 | ||
| 020 | _a9780199215133 | ||
| 040 |
_aDLC _cDLC _dDLC _dKH8 |
||
| 082 | 0 | 0 |
_a423.12 CON _222 |
| 130 | _aConcise Oxford thesaurus | ||
| 245 | 0 | 0 |
_aConcise Oxford thesaurus / _cedited by Sara Hawker, Maurice Waite. |
| 250 | _a3rd ed. | ||
| 260 |
_aOxford ; _aNew York : _bOxford University Press, _c2007. |
||
| 300 |
_ax, 941 p. ; _c24 cm. |
||
| 500 | _aRev. and updated ed. of : Concise Oxford thesaurus, 2nd ed. | ||
| 650 | 0 |
_aEnglish language _xSynonyms and antonyms. |
|
| 700 | 1 |
_aHawker, Sara, _eeditor. |
|
| 700 | 1 |
_aWaite, Maurice, _eeditor. |
|
| 942 |
_2ddc _cTR |
||